Music Quiz

Random Music or Song Quiz
Score 0/241 Timer 08:00
1 Play Today
% Correct
the
94.8%
the
94.8%
the
94.8%
the
94.8%
the
94.8%
the
94.8%
the
94.8%
the
94.8%
the
94.8%
the
94.8%
the
94.8%
the
94.8%
you
94.3%
you
94.3%
you
94.3%
you
94.3%
You
94.3%
you
94.3%
you
94.3%
you
94.3%
in
91.8%
in
91.8%
in.
91.8%
in
91.8%
in
91.8%
in
91.8%
in
91.8%
in
91.8%
It
91.4%
It
91.4%
It
91.4%
It
91.4%
It
91.4%
It
91.4%
middle
90.6%
middle
90.6%
middle
90.6%
middle
90.6%
middle
90.6%
be
89.2%
be
89.2%
be
89.2%
be
89.2%
be
89.2%
be
89.2%
be
89.2%
be
89.2%
be
89.2%
be
89.2%
be
89.2%
your
89.1%
your
89.1%
your
89.1%
your
89.1%
your
89.1%
do
88.4%
do
88.4%
of
87.7%
of
87.7%
of
87.7%
of
87.7%
of
87.7%
Just
87.7%
just
87.7%
just
87.7%
just
87.7%
just
87.7%
just
87.7%
just
87.7%
just
87.7%
Just
87.7%
just
87.7%
just
87.7%
just
87.7%
just
87.7%
time,
87%
time,
87%
time,
87%
time,
87%
time,
87%
some
86.5%
% Correct
some
86.5%
some
86.5%
some
86.5%
some
86.5%
so
86.3%
don't
84.1%
don't
84.1%
don't
84.1%
don't
84.1%
don't
84.1%
on.
83.6%
on
83.6%
on.
83.6%
Hey,
83.3%
Hey,
83.3%
Hey,
83.3%
takes
83.3%
takes
83.3%
takes
83.3%
takes
83.3%
takes
83.3%
will
82.5%
will
82.5%
will
82.5%
will
82.5%
will
82.5%
will
82.5%
will
82.5%
will
82.5%
will
82.5%
will
82.5%
everything
81.7%
Everything,
81.7%
everything
81.7%
Everything,
81.7%
everything
81.7%
Everything,
81.7%
everything
81.7%
Everything,
81.7%
everything
81.7%
Everything,
81.7%
everything
81.7%
Everything,
81.7%
everything
81.7%
everything
81.7%
Everything,
81.7%
everything
81.7%
Everything,
81.7%
everything
81.7%
Everything,
81.7%
everything
81.7%
Everything,
81.7%
everything
81.7%
yourself
80%
yourself.
80%
yourself
80%
alright,
78.9%
alright.
78.9%
alright,
78.9%
alright.
78.9%
alright,
78.9%
alright.
78.9%
alright,
78.9%
alright.
78.9%
alright.
78.9%
Little
78.8%
Little
78.8%
Little
78.8%
Little
78.8%
Little
78.8%
fine,
78.3%
fine,
78.3%
fine,
78.3%
fine,
78.3%
fine,
78.3%
And
77.3%
And
77.3%
can.
76.6%
can.
76.6%
It's
76.4%
it's
76.4%
% Correct
It's
76.4%
you're
76%
you're
76%
you're
76%
you're
76%
you're
76%
you're
76%
you're
76%
yet
74%
yet.
74%
head
72.7%
head
72.7%
out
72.7%
out
72.7%
off
72.4%
off
72.4%
best,
71.6%
best,
71.6%
feel
70.9%
feel
70.9%
all
70.5%
only
70.3%
only
70.3%
down
69.6%
down
69.6%
girl,
69.4%
girl,
69.4%
girl,
69.4%
girl,
69.4%
girl,
69.4%
write
68.4%
write
68.4%
what
68.2%
what
68.2%
they
67.4%
left
67.1%
left
67.1%
try
66.6%
try
66.6%
know
65.7%
know
65.7%
when
61.5%
worry
61.1%
worry
61.1%
looked
61%
looked
61%
are
59.9%
own,
59.9%
or
59.6%
or
59.6%
say.
59.5%
ride.
59%
ride.
59%
ride.
59%
ride.
59%
ride.
59%
same.
58.4%
gonna
58.3%
if
57.5%
for
55.8%
better
55%
they're
54.9%
right
54.6%
tell
54.6%
away.
53.8%
now,
51%
themselves
50.3%
good
49.8%
bitter
49.7%
doing
49.4%
doesn't
48.8%
matter
48.7%
hearts
48.6%
enough
46.9%
else.
46.6%
someone
46.5%
Live
45.7%
buy
42.1%
yeah,
29%
Remove Ads.
Support Sporcle.
Get the best of Sporcle when you Go Orange. This ad-free experience offers more features, more stats, and more fun while also helping to support Sporcle. Thank you for becoming a member.

You're not logged in!

Compare scores with friends on all Sporcle quizzes.
OR
Log In

Show Comments

Extras

Top Quizzes Today


Score Distribution

Your Account Isn't Verified!

In order to create a playlist on Sporcle, you need to verify the email address you used during registration. Go to your Sporcle Settings to finish the process.

Report this User

Report this user for behavior that violates our Community Guidelines.

Details: